00258nam a2200097Ia 4500001000800000005001700008008004100025020001800066245005700084260001900141127593020260417160437.0260417s9999 xx 000 0 und d a9786256495180 0aHasan Tahsin ve Gizli PelerincBüşra Şen Altun bKetebe Çocuk